Jóvenes ante la política y la democracia /
保存先:
| 第一著者: | |
|---|---|
| 団体著者: | |
| その他の著者: | |
| フォーマット: | 図書 |
| 言語: | Spanish |
| 出版事項: |
Tegucigalpa, Honduras:
Instituto Universitario en Democracia, Paz y Seguridad (IUDPAS),
2010
|
| タグ: |
タグ追加
タグなし, このレコードへの初めてのタグを付けませんか!
|
MARC
| LEADER | 00000nam a22000007a 4500 | ||
|---|---|---|---|
| 003 | cru CIDCACS/IIS | ||
| 005 | 20240701160125.0 | ||
| 008 | 240701b2010 ho ||||| |||| 00| 0 spa d | ||
| 020 | |a [Sin ISBN] | ||
| 040 | |a cru CIDCACS/IIS |b spa |c cru CIDCACS/IIS | ||
| 090 | |a 04.04.02 T591j | ||
| 100 | 1 | |a Tinoco, Marco Antonio |9 12204 | |
| 245 | 1 | |a Jóvenes ante la política y la democracia / |c Marco Antonio Tinoco y Eugenio Sosa |h [impreso] | |
| 260 | |a Tegucigalpa, Honduras: |b Instituto Universitario en Democracia, Paz y Seguridad (IUDPAS), |c 2010 | ||
| 300 | |a 107 páginas | ||
| 500 | |a Colección Centroamérica | ||
| 650 | 0 | 7 | |0 TESAUROS |2 TESAUROS |
| 700 | 1 | |a Sosa Iglesias, Eugenio |9 5771 | |
| 710 | 1 | |a Instituto Universitario en Democracia, Paz y Seguridad (IUDPAS) |9 12205 | |
| 942 | |2 z |c LI |h <script>document.querySelector('[id^="tag_090_subfield_a"]').value</script> |i 12633 |k 04.04.02 |m T591j |6 SCRIPTDOCUMENTQUERYSELECTORIDTAG_090_SUBFIELD_AVALUESCRIPT_12633 | ||
| 999 | |c 45851 |d 45851 | ||
